Zeit- und Alterstopik im Minnesang (Record no. 32525)

MARC details
000 -LEADER
fixed length control field 00734nam a2200133Ia 4500
008 - FIXED-LENGTH DATA ELEMENTS--GENERAL INFORMATION
fixed length control field 220620s9999||||xx |||||||||||||| ||und||
100 ## - MAIN ENTRY--PERSONAL NAME
Personal name Loleit, Simone
245 #0 - TITLE STATEMENT
Title Zeit- und Alterstopik im Minnesang
Remainder of title Eine Untersuchung zu Liedern Walthers von der Vogelweide, Reinmars, Neidharts und Oswalds von Wolkenstein
546 ## - LANGUAGE NOTE
Language note English[eng]
650 ## - SUBJECT ADDED ENTRY--TOPICAL TERM
Topical term or geographic name entry element Literature||Minnesang||Zeit- und Alterstopik||Antike Topik und Rhetorik||Topos und Metapher||Augustinische Zeittheorie
700 ## - ADDED ENTRY--PERSONAL NAME
Personal name Bein, Thomas
856 ## - ELECTRONIC LOCATION AND ACCESS
Uniform Resource Identifier <a href="https://library.oapen.org/bitstream/20.500.12657/27532/1/1002475.pdf||https://library.oapen.org/bitstream/20.500.12657/27532/1/1002475.pdf||https://library.oapen.org/bitstream/20.500.12657/27532/1/1002475.pdf">https://library.oapen.org/bitstream/20.500.12657/27532/1/1002475.pdf||https://library.oapen.org/bitstream/20.500.12657/27532/1/1002475.pdf||https://library.oapen.org/bitstream/20.500.12657/27532/1/1002475.pdf</a>
942 ## - ADDED ENTRY ELEMENTS (KOHA)
Koha item type E-Books
Holdings
Withdrawn status Lost status Damaged status Not for loan Home library Current library Date acquired Total Checkouts Date last seen Price effective from Koha item type
        Kerala University of Digital Sciences, Innovation and Technology Knowledge Centre Kerala University of Digital Sciences, Innovation and Technology Knowledge Centre 20/06/2022   20/06/2022 20/06/2022 E-Books